000 00346 a2200157 4500
001 187886
020 _a85-342-2062-X
040 _cMagnum
100 _aLago, Samuel Ramos
240 1 0 _aBiologia para o ensino médio
_lpor
245 1 0 _aBiologia para o ensino médio
300 _a344
362 0 _a2006
697 _aBIOLOGIA
942 _cBK
999 _c187886
_d187886